| 000 | 01062cam a2200301 a 4500 | ||
|---|---|---|---|
| 999 |
_c28311 _d28311 |
||
| 001 | 4418119 | ||
| 005 | 20170228144418.0 | ||
| 008 | 930907s1994 txua b 001 0 eng | ||
| 010 | _a 93079353 | ||
| 020 | _a0155009877 | ||
| 040 |
_aDLC _cDLC |
||
| 050 | 0 | 0 |
_aLB1028 _b.T8 1994 |
| 100 | 1 |
_aTuckman, Bruce W., _d1938- |
|
| 245 | 1 | 0 |
_aConducting educational research / _cBruce W. Tuckman. |
| 250 | _a4th ed. | ||
| 260 |
_aFort Worth : _bHarcourt Brace College Publishers, _cc1994. |
||
| 300 |
_axi, 548 p. : _bill. ; _c24 cm. |
||
| 504 | _aIncludes bibliographical references (p. [533]-539) and indexes. | ||
| 650 | 0 |
_aEducation _xResearch. |
|
| 650 | 0 |
_aEducation _xResearch _xMethodology. |
|
| 906 |
_a7 _bcbc _corignew _d2 _eopcn _f19 _gy-gencatlg |
||
| 942 |
_2lcc _cBOOKS _hLB 1028 .T83 1994 |
||